| 000 | 00466nam a2200121Ia 4500 | ||
|---|---|---|---|
| 008 | 220216s9999 xx 000 0 und d | ||
| 100 | _aMathew J. | ||
| 245 | 0 | _aOrganic farming in natural rubber cultivation: an overview | |
| 260 |
_bNational Conference on Organic Farming in Horticultural Crops with special reference to Plantation Crops, 15-18 October 2008, CPCRI, Kasaragod, India, pp. 43-44. _c2008 |
||
| 700 | _aJacob C.K. | ||
| 700 | _aJessy M.D. | ||
| 942 | _cBS | ||
| 999 |
_c49636 _d49636 |
||